"Acteurs Marvel" mort subite - Statistiques

Statistiques générales
  • Ce quiz a été pris 100 fois
  • Le résultat moyen est 7 sur 14
Answers on the Grid
Answers color-coded by a green-red scale on the quiz's grid according to % correct below.
Bill Murray
Sophie Thompson
Robert Downey Jr
Courteney Cox
Mckenna Grace
Sim Liu
Scarlet Johanson
Paul Wesley
Josh Brolin
Danai Gurira
Claire Danes
Timothée Chalamet
Paul Rudd
Tilda Swinton
Sigourney Weaver
Benedict Wong
Brad Pitt
Chris Evans
Tom Hiddleston
Tom Felton
Idris Elba
Tom Hanks
Emma Watson
Anne Hathaway
Brie Larson
Margot Robbie
Selena Gomez
Elizabeth Olsen
 
Statistiques - réponses
Réponse % Correct
Robert Downey Jr
94%
Scarlet Johanson
84%
Chris Evans
74%
Elizabeth Olsen
65%
Tom Hiddleston
58%
Paul Rudd
54%
Benedict Wong
52%
Brie Larson
51%
Idris Elba
38%
Josh Brolin
36%
Sim Liu
36%
Tilda Swinton
19%
Danai Gurira
16%
Bill Murray
13%
Aucun quiz correspondant
Distribution des résultats
% des personnes avec chaque résultat
Percentile par nombre de réponses
Votre historique - résultats
Vous n’avez pas pris ce quiz